ਰਾਸ਼ਟਰੀ ਏਕਤਾ : (Record no. 110994)

MARC details
000 -LEADER
fixed length control field 01114nam a22002417a 4500
010 ## - LIBRARY OF CONGRESS CONTROL NUMBER
LC control number B-082448
020 ## - INTERNATIONAL STANDARD BOOK NUMBER
Terms of availability 200.00
035 ## - SYSTEM CONTROL NUMBER
System control number B-082448
037 ## - SOURCE OF ACQUISITION
Stock number Cen Lib / Ret
040 ## - CATALOGING SOURCE
Original cataloging agency DPL
Language of cataloging PN
082 ## - DEWEY DECIMAL CLASSIFICATION NUMBER
Edition number 302
Classification number ਦਿਓਲ
100 ## - MAIN ENTRY--PERSONAL NAME
Personal name ਦਿਓਲ, ਹਰਭਜਨ ਸਿੰਘ
9 (RLIN) 132639
245 ## - TITLE STATEMENT
Title ਰਾਸ਼ਟਰੀ ਏਕਤਾ :
Remainder of title ਸਮੱਸਿਆ ਅਤੇ ਸਮਾਧਾਨ /
246 ## - VARYING FORM OF TITLE
Title proper/short title Rashtri ekta (samasia ate samadhan) : Punjabi /
Remainder of title edited by Harbhajan Singh Deol
260 ## - PUBLICATION, DISTRIBUTION, ETC. (IMPRINT)
Place of publication, distribution, etc ਪਟਿਆਲਾ
Name of publisher, distributor, etc ਪਬਲੀਕੇਸ਼ਨ ਬਿਊਰੋ ਪੰਜਾਬ ਯੂਨੀਵਰਸਿਟੀ
Date of publication, distribution, etc 2002
270 ## - ADDRESS
Address ਪਬਲੀਕੇਸ਼ਨ ਬਿਊਰੋ ਪੰਜਾਬ ਯੂਨੀਵਰਸਿਟੀ
City ਪਟਿਆਲਾ
300 ## - PHYSICAL DESCRIPTION
Extent 194p
Other physical details 24cm(hb)
650 ## - SUBJECT ADDED ENTRY--TOPICAL TERM
Topical term or geographic name as entry element ਨਸਲੀ ਸੰਬੰਧ - ਸਿਆਸੀ ਪਹਿਲੂ.
9 (RLIN) 83582
650 ## - SUBJECT ADDED ENTRY--TOPICAL TERM
Topical term or geographic name as entry element Ethnic relations -- Political aspects.
9 (RLIN) 31489
650 ## - SUBJECT ADDED ENTRY--TOPICAL TERM
Topical term or geographic name as entry element India -- Social policy.
9 (RLIN) 132640
650 ## - SUBJECT ADDED ENTRY--TOPICAL TERM
Topical term or geographic name as entry element ਭਾਰਤ - ਸੋਸ਼ਲ ਨੀਤੀ
9 (RLIN) 1180
942 ## - ADDED ENTRY ELEMENTS (KOHA)
Source of classification or shelving scheme Dewey Decimal Classification
Koha item type Punjabi Bks
Classification part 302
Call number suffix ਦਿਓਲ
Holdings
Withdrawn status Lost status Damaged status Not for loan Home library Current library Date acquired Source of acquisition Cost, normal purchase price Total Checkouts Full call number Barcode Date last seen Copy number Cost, replacement price Price effective from Koha item type
        Central Library Central Library 10/02/2016 Cen Lib/Ret 200.00   302 ਦਿਓਲ B-082448 10/02/2016 1 200.00 10/02/2016 Punjabi Bks

© Delhi Public Library
Hit Counter
free hit counter